Introduction to concepts and theories in physical science /

Bibliographic Details
Main Author: Holton, Gerald James
Other Authors: Brush, Stephen G.
Format: Book
Language:English
Published: Princeton, N.J. : Princeton University Press, 1985.
Edition:2nd ed., rev., and with new material /
Subjects:

MARC

Tag First Indicator Second Indicator Subfields
LEADER 00000cam a2200000 4500
001 in00000408335
005 20151012052629.0
008 851122r19851973maua b 00110 eng d
010 |a  85042663  
019 |a 12630328 
020 |a 0691083843 (pbk.) 
035 |a (OCoLC)12832853 
035 |9 ABU1277AM 
040 |a PGM  |c PGM  |d AAA  |d OCL  |d MNT  |d TXA  |d UtOrBLW 
049 |a TXAM  |c [A09245507] 
090 |a QC23  |b .H758 1985 
100 1 |a Holton, Gerald James. 
245 1 0 |a Introduction to concepts and theories in physical science /  |c by Gerald Holton. 
250 |a 2nd ed., rev., and with new material /  |b by Stephen G. Brush. 
264 1 |a Princeton, N.J. :  |b Princeton University Press,  |c 1985. 
300 |a xix, 589 pages :  |b illustrations ;  |c 24 cm. 
336 |a text  |b txt  |2 rdacontent 
337 |a unmediated  |b n  |2 rdamedia 
338 |a volume  |b nc  |2 rdacarrier 
500 |a "First Princeton paperback printing, 1985. " 
500 |a Reprint. Originally published : [Reading, Mass] : Addison-Wesley, 1973. 
504 |a Includes bibliographies and index. 
650 0 |a Physics. 
650 0 |a Astronomy. 
700 1 |a Brush, Stephen G. 
999 |a MARS 
999 f f |s 63ca2adc-6894-309d-b317-99a0e588bedd  |i dd215760-9411-3a6d-9d73-3af96029cba2  |t 0 
952 f f |p normal  |a Texas A&M University  |b College Station  |c Sterling C. Evans Library  |d Evans: Library Stacks  |t 0  |e QC23 .H758 1985  |h Library of Congress classification  |i unmediated -- volume  |m A14809245507 
998 f f |a QC23 .H758 1985  |t 0  |l Evans: Library Stacks